000 00552nam a2200217Ia 4500
001 13203
003 GE_BSU
008 181216s||||||||xx |||||||||||||| ||und||
040 _cGE_BSU
080 _a631.8(075.8)
100 _aПрянишников,Д.Н.
245 _aАгрохимия
245 _cРед. И скворцов
250 _a3-е значит.дополн.
260 _aМосква
260 _bСельхозгиз
260 _c1940
300 _a644стр.илл.20см.
653 _aАгрохимия
942 _cBK
999 _c46367
_d46367